| 000 | 00899nam a2200193 i 4500 | ||
|---|---|---|---|
| 001 | 174533 | ||
| 003 | ES-MaACL | ||
| 005 | 20230906215547.0 | ||
| 008 | 100504s1985 sp |||| | spa d | ||
| 080 | _a008(460):001.891(44) | ||
| 245 | 0 | 3 |
_aLa investigación sobre temas hispánicos en Francia (1962-1984) _b: España y América Latina : actas del XX Congreso (Madrid, 30 marzo, 1 de abril de 1984) / _c[organizado por la] Société des Hispanistes Français de L'Enseignement Supérieur. |
| 260 |
_a[Paris] : _bS.H.F., _c1985 ( _eMadrid : _fSafer Repr.) |
||
| 300 |
_a205 p. ; _c24 cm. |
||
| 504 | _aReferencias bibliográficas. | ||
| 651 | 7 |
_aEspaña- _xCivilización- _xInvestigación- _zFrancia- _vCongresos y asambleas. _9142681 |
|
| 651 |
_aAmérica Latina- _xCivilización- _vCongresos y asambleas. _9139273 |
||
| 710 | 2 |
_aSociété des Hispanistes Français. _96852 |
|
| 852 | 4 |
_a BA _jC-57189 |
|
| 999 |
_c174533 _d174533 |
||